| 000 | 00606nam a2200217Ii 4500 | ||
|---|---|---|---|
| 003 | JO-AjNU | ||
| 008 | 230606s9999||||xx |||||||||||||| ||und|| | ||
| 020 | _a0-205-07353-0 | ||
| 040 |
_aJO-AjNU _beng _erda _cJO-AjNU |
||
| 041 | _aeng | ||
| 050 | 1 | 4 | _aHD58.7.W48.1981 |
| 100 | 3 |
_aWHITE,DONALD D/H.WILLIAM VROMAN, _eauthor _93552 |
|
| 245 | 0 | 0 | _aACTION IN ORGANIZATIONS |
| 250 | _a2 ed | ||
| 264 | 3 | 1 | _aBoston:ALLYN AND BACON,INC,1981 |
| 300 | _a425p | ||
| 336 |
_atext _btxt _2rdacontent |
||
| 337 |
_aunmediated _bn _2rdamedia |
||
| 338 |
_avolume _bnc _2rdacarrier |
||
| 650 | 4 |
_aORGANIZATIONS _93553 |
|
| 999 |
_aE1854 _c1854 _d1854 |
||